| 000 | 00723cam a2200241 4500 | ||
|---|---|---|---|
| 001 | 000564073 | ||
| 003 | AM-YeHGA | ||
| 005 | 20250617140504.0 | ||
| 008 | 690715s1969 caua b 001 0 eng d | ||
| 020 | _a0821111078 | ||
| 040 | _aAM-YeHGA | ||
| 041 | 0 | _aeng | |
| 100 | 1 |
_aLynn, David Brandon, _d1925- |
|
| 245 | 1 | 0 |
_aParental and sex-role identification : _bA theoretical formulation / _c[By] David B. Lynn. |
| 260 |
_aBerkeley, Calif., : _bMcCutchan Publ. Corp., _c[1969]. |
||
| 300 |
_avii, 131 p. : _bill. ; _c23 cm. |
||
| 504 | _aBibliogr.: p. 109-123. | ||
| 650 | 0 | _aIdentification (Psychology) | |
| 650 | 0 | _aParent and child | |
| 650 | 0 | _aSex (Psychology) | |
| 650 | 0 | _aChild psychology | |
| 090 | _c222329 | ||
| 999 |
_c220798 _d220798 |
||